[Event "Campeonato España Sub 14"]
[Site "Salobreña"]
[Date "2017.07.21"]
[Round "7"]
[White "Buitron Ramil, David"]
[Black "Diaz Mino, Pablo"]
[Result "1/2-1/2"]
[Board "13"]
[WhiteClock "1:30"]
[WhiteElo "1795"]
[WhiteCountry "ESP"]
[WhiteFideId "24519731"]
[WhiteEloChange "6"]
[BlackClock "1:30"]
[BlackElo "2047"]
[BlackCountry "ESP"]
[BlackFideId "24520470"]
[BlackEloChange "-6"]

1. e4 {[%clk 1:30:00]} e6 {[%clk 1:30:00]} 2. d4 {[%clk 1:31:00]} d5 {[%clk
1:31:00]} 3. Nd2 {[%clk 1:31:00]} dxe4 {[%clk 1:31:00]} 4. Nxe4 {[%clk 1:32:00]}
Nd7 {[%clk 1:31:00]} 5. Nf3 {[%clk 1:32:00]} Ngf6 {[%clk 1:31:00]} 6. Nxf6+
{[%clk 1:33:00]} Nxf6 {[%clk 1:32:00]} 7. Bd3 {[%clk 1:33:00]} c5 {[%clk
1:30:00]} 8. Be3 {[%clk 1:32:00]} Qc7 {[%clk 1:29:00]} 9. O-O {[%clk 1:31:00]}
Bd6 {[%clk 1:23:00]} 10. Qe2 {[%clk 1:25:00]} O-O {[%clk 1:06:00]} 11. Rfe1
{[%clk 1:19:00]} b6 {[%clk 1:05:00]} 12. Bg5 {[%clk 1:14:00]} Bb7 {[%clk
0:52:00]} 13. Ne5 {[%clk 1:00:00]} Bxe5 {[%clk 0:50:00]} 14. dxe5 {[%clk
1:00:00]} Qc6 {[%clk 0:50:00]} 15. f4 {[%clk 0:56:00]} Nd7 {[%clk 0:39:00]} 16.
Qg4 {[%clk 0:53:00]} c4 {[%clk 0:31:00]} 17. Bf1 {[%clk 0:41:00]} Qc5+ {[%clk
0:31:00]} 18. Kh1 {[%clk 0:41:00]} Rfe8 {[%clk 0:30:00]} 19. Bh6 {[%clk 0:38:00]}
g6 {[%clk 0:29:00]} 20. Rad1 {[%clk 0:36:00]} Bd5 {[%clk 0:28:00]} 21. Be2 {[%clk
0:18:48]} Rac8 {[%clk 0:20:00]} 22. Bf3 {[%clk 0:17:45]} Bxf3 {[%clk 0:18:29]}
23. Qxf3 {[%clk 0:18:13]} Nb8 {[%clk 0:18:10]} 24. Qg3 {[%clk 0:14:20]} Na6
{[%clk 0:10:42]} 25. Rd7 {[%clk 0:11:02]} Rc7 {[%clk 0:09:39]} 26. Qh4 {[%clk
0:08:08]} Rxd7 {[%clk 0:04:03]} 27. Qf6 {[%clk 0:08:36]} Qf8 {[%clk 0:04:26]} 28.
Bxf8 {[%clk 0:08:58]} Kxf8 {[%clk 0:04:52]} 29. Qh8+ {[%clk 0:03:52]} Ke7 {[%clk
0:05:12]} 30. Qf6+ {[%clk 0:04:19]} Kf8 {[%clk 0:05:32]} 31. Qh8+ {[%clk
0:04:43]} Ke7 {[%clk 0:05:51]} 32. Qxh7 {[%clk 0:05:09]} Red8 {[%clk 0:05:49]}
33. Qh3 {[%clk 0:05:04]} Nc5 {[%clk 0:05:59]} 34. Qc3 {[%clk 0:04:00]} Rd4 {[%clk
0:05:49]} 35. g3 {[%clk 0:03:50]} a5 {[%clk 0:05:08]} 36. b4 {[%clk 0:02:34]}
cxb3 {[%clk 0:04:11]} 37. cxb3 {[%clk 0:02:15]} Rd2 {[%clk 0:02:41]} 38. b4
{[%clk 0:01:09]} R8d3 {[%clk 0:03:01]} 39. Qc1 {[%clk 0:01:10]} axb4 {[%clk
0:02:55]} 40. Qb1 {[%clk 0:01:19]} Rd4 {[%clk 0:02:47]} 41. h4 {[%clk 0:01:07]}
Ne4 {[%clk 0:02:03]} 42. Rxe4 {[%clk 0:01:12]} Rd1+ {[%clk 0:02:30]} 43. Re1
{[%clk 0:01:39]} Rxb1 {[%clk 0:02:56]} 44. Rxb1 {[%clk 0:02:08]} Kd7 {[%clk
0:03:06]} 45. Kg2 {[%clk 0:02:20]} Rd2+ {[%clk 0:03:21]} 46. Kf3 {[%clk 0:02:45]}
Rxa2 {[%clk 0:02:37]} 47. Rxb4 {[%clk 0:03:14]} Ra3+ {[%clk 0:02:48]} 48. Ke4
{[%clk 0:02:39]} Kc6 {[%clk 0:02:58]} 49. g4 {[%clk 0:02:52]} Rh3 {[%clk
0:03:20]} 50. Rc4+ {[%clk 0:02:13]} Kb7 {[%clk 0:03:22]} 51. Rd4 {[%clk 0:01:50]}
Kc6 {[%clk 0:02:52]} 52. Rc4+ {[%clk 0:02:12]} Kd7 {[%clk 0:01:30]} 53. Rd4+
{[%clk 0:01:51]} Kc7 {[%clk 0:01:37]} 54. Rc4+ {[%clk 0:02:15]} Kb7 {[%clk
0:02:02]} 55. Rd4 {[%clk 0:02:42]} Kc6 {[%clk 0:02:29]} 56. Rc4+ {[%clk 0:02:42]}
1/2-1/2

[Event "Campeonato España Sub 14"]
[Site "Salobreña"]
[Date "2017.07.21"]
[Round "7"]
[White "Perez Perez, Gabriel"]
[Black "Sempere Domenech, Abel"]
[Result "1-0"]
[Board "14"]
[WhiteClock "1:30"]
[WhiteElo "2000"]
[WhiteCountry "ESP"]
[WhiteFideId "32089147"]
[WhiteEloChange "3"]
[BlackClock "1:30"]
[BlackElo "1723"]
[BlackCountry "ESP"]
[BlackFideId "24508470"]
[BlackEloChange "-3"]

1. e4 {[%clk 1:30:00]} e5 {[%clk 1:30:00]} 2. Nf3 {[%clk 1:30:00]} Nc6 {[%clk
1:30:00]} 3. d4 {[%clk 1:30:00]} exd4 {[%clk 1:30:00]} 4. Nxd4 {[%clk 1:29:00]}
Bb4+ {[%clk 1:29:00]} 5. c3 {[%clk 1:29:00]} Be7 {[%clk 1:30:00]} 6. Be2 {[%clk
1:19:00]} Nf6 {[%clk 1:27:00]} 7. Nxc6 {[%clk 1:13:00]} dxc6 {[%clk 1:27:00]} 8.
Nd2 {[%clk 1:12:00]} Be6 {[%clk 1:23:00]} 9. O-O {[%clk 1:11:00]} O-O {[%clk
1:24:00]} 10. Qc2 {[%clk 1:11:00]} Bc5 {[%clk 1:17:00]} 11. Nb3 {[%clk 1:04:00]}
Bxb3 {[%clk 1:14:00]} 12. axb3 {[%clk 1:04:00]} Qe7 {[%clk 1:10:00]} 13. b4
{[%clk 0:55:00]} Bb6 {[%clk 1:06:00]} 14. Bf3 {[%clk 0:47:00]} h6 {[%clk
1:04:00]} 15. b3 {[%clk 0:35:00]} Rad8 {[%clk 0:58:00]} 16. Kh1 {[%clk 0:33:00]}
Rd7 {[%clk 0:55:00]} 17. Re1 {[%clk 0:32:00]} Nh7 {[%clk 0:45:00]} 18. Bg4 {[%clk
0:23:00]} f5 {[%clk 0:43:00]} 19. Bh3 {[%clk 0:23:00]} Rdd8 {[%clk 0:42:00]} 20.
e5 {[%clk 0:16:09]} Qe6 {[%clk 0:28:00]} 21. g3 {[%clk 0:14:25]} Qd5+ {[%clk
0:22:00]} 22. Kg1 {[%clk 0:12:47]} Qf3 {[%clk 0:21:00]} 23. e6 {[%clk 0:10:21]}
Rde8 {[%clk 0:19:55]} 24. Bg2 {[%clk 0:09:56]} Qh5 {[%clk 0:19:07]} 25. c4 {[%clk
0:07:58]} Bd4 {[%clk 0:18:08]} 26. Bb2 {[%clk 0:08:27]} Bxb2 {[%clk 0:16:02]} 27.
Qxb2 {[%clk 0:08:56]} Rf6 {[%clk 0:15:06]} 28. e7 {[%clk 0:07:35]} a6 {[%clk
0:12:49]} 29. f4 {[%clk 0:07:45]} Rf7 {[%clk 0:10:43]} 30. Qe5 {[%clk 0:07:47]}
Qg6 {[%clk 0:08:57]} 31. Qxc7 {[%clk 0:07:53]} Qf6 {[%clk 0:08:31]} 32. Rad1
{[%clk 0:05:34]} Rfxe7 {[%clk 0:08:16]} 33. Rxe7 {[%clk 0:05:59]} Qxe7 {[%clk
0:08:48]} 34. Qxe7 {[%clk 0:04:53]} Rxe7 {[%clk 0:09:16]} 35. b5 {[%clk 0:04:32]}
axb5 {[%clk 0:07:42]} 36. cxb5 {[%clk 0:05:01]} Rc7 {[%clk 0:07:09]} 37. bxc6
{[%clk 0:04:42]} bxc6 {[%clk 0:07:33]} 38. Rc1 {[%clk 0:04:58]} c5 {[%clk
0:03:44]} 39. b4 {[%clk 0:05:27]} Nf6 {[%clk 0:02:25]} 40. Rxc5 {[%clk 0:05:04]}
Rxc5 {[%clk 0:02:52]} 41. bxc5 {[%clk 0:05:35]} Kf7 {[%clk 0:02:54]} 42. Bf3
{[%clk 0:05:16]} Ke6 {[%clk 0:03:05]} 43. Kf2 {[%clk 0:05:44]} g5 {[%clk
0:02:02]} 44. Ke3 {[%clk 0:04:48]} Nd5+ {[%clk 0:01:46]} 45. Kd4 {[%clk 0:05:08]}
Nc7 {[%clk 0:01:25]} 46. Kc4 {[%clk 0:04:32]} gxf4 {[%clk 0:01:46]} 47. gxf4
{[%clk 0:05:01]} Kd7 {[%clk 0:01:53]} 48. Bd5 {[%clk 0:03:38]} Ne8 {[%clk
0:01:32]} 49. Kd4 {[%clk 0:03:53]} Nc7 {[%clk 0:00:37]} 50. Ke5 {[%clk 0:04:08]}
Ke7 {[%clk 0:00:51]} 51. Bc4 {[%clk 0:04:26]} Kd7 {[%clk 0:00:34]} 52. Kxf5
{[%clk 0:04:43]} Kc6 {[%clk 0:01:00]} 53. Ke5 {[%clk 0:04:24]} Kxc5 {[%clk
0:01:25]} 54. Bf7 {[%clk 0:04:52]} Kc6 {[%clk 0:01:34]} 55. f5 {[%clk 0:03:31]}
Kd7 {[%clk 0:01:43]} 56. Kf6 {[%clk 0:03:55]} Nb5 {[%clk 0:01:32]} 57. Kg7 {[%clk
0:02:28]} Nd6 {[%clk 0:01:27]} 58. f6 {[%clk 0:02:23]} Nf5+ {[%clk 0:00:54]} 59.
Kg8 {[%clk 0:01:47]} h5 {[%clk 0:00:33]} 60. Be8+ {[%clk 0:00:10]} Ke6 {[%clk
0:00:38]} 61. f7 {[%clk 0:01:02]} Nh6+ {[%clk 0:01:07]} 62. Kg7 {[%clk 0:00:00]}
Nxf7 {[%clk 0:00:24]} 63. Bxf7+ {[%clk 0:01:53]} Kf5 {[%clk 0:01:37]} 64. Bxh5
{[%clk 0:01:10]} Kg5 {[%clk 0:01:37]} 65. Bf3 {[%clk 0:01:10]} Kh4 {[%clk
0:01:37]} 66. Bg2 {[%clk 0:01:10]} Kg5 {[%clk 0:01:37]} 67. h3 {[%clk 0:01:10]}
Kh5 {[%clk 0:01:37]} 68. Bf3+ {[%clk 0:01:10]} Kh4 {[%clk 0:01:37]} 69. Bg4
{[%clk 0:01:10]} Kg5 {[%clk 0:01:37]} 70. Kh7 {[%clk 0:01:10]} Kf6 {[%clk
0:01:37]} 71. h4 {[%clk 0:01:10]} Kf7 {[%clk 0:01:37]} 72. h5 {[%clk 0:01:10]}
Kf6 {[%clk 0:01:37]} 73. Kg8 {[%clk 0:01:10]} Kg5 {[%clk 0:01:37]} 74. Kg7 {[%clk
0:01:10]} 1-0

[Event "Campeonato España Sub 14"]
[Site "Salobreña"]
[Date "2017.07.21"]
[Round "7"]
[White "Amengual Perello, Jordi"]
[Black "Guillo Longares, Cecilia"]
[Result "1/2-1/2"]
[Board "15"]
[WhiteClock "1:30"]
[WhiteElo "1727"]
[WhiteCountry "ESP"]
[WhiteFideId "24571920"]
[WhiteEloChange "7"]
[BlackClock "1:30"]
[BlackElo "1997"]
[BlackCountry "ESP"]
[BlackFideId "32082681"]
[BlackEloChange "-7"]

1. e4 {[%clk 1:30:00]} c5 {[%clk 1:30:00]} 2. Nc3 {[%clk 1:31:00]} g6 {[%clk
1:31:00]} 3. Bc4 {[%clk 1:31:00]} Bg7 {[%clk 1:31:00]} 4. Qf3 {[%clk 1:31:00]} e6
{[%clk 1:31:00]} 5. Nb5 {[%clk 1:32:00]} d6 {[%clk 1:30:00]} 6. Qg3 {[%clk
1:32:00]} Be5 {[%clk 1:29:00]} 7. f4 {[%clk 1:32:00]} Bf6 {[%clk 1:29:00]} 8. Nf3
{[%clk 1:32:00]} a6 {[%clk 1:28:00]} 9. Nxd6+ {[%clk 1:31:00]} Qxd6 {[%clk
1:28:00]} 10. e5 {[%clk 1:31:00]} Qc6 {[%clk 1:27:00]} 11. exf6 {[%clk 1:32:00]}
Qe4+ {[%clk 1:20:00]} 12. Be2 {[%clk 1:32:00]} Qxc2 {[%clk 1:10:00]} 13. O-O
{[%clk 1:26:00]} Nxf6 {[%clk 1:00:00]} 14. b3 {[%clk 1:13:00]} O-O {[%clk
0:53:00]} 15. Ng5 {[%clk 1:10:00]} Qf5 {[%clk 0:44:00]} 16. Bb2 {[%clk 1:08:00]}
Nbd7 {[%clk 0:41:00]} 17. Qh4 {[%clk 0:56:00]} h5 {[%clk 0:32:00]} 18. h3 {[%clk
0:55:00]} Qd5 {[%clk 0:21:00]} 19. Bc3 {[%clk 0:53:00]} Kg7 {[%clk 0:17:54]} 20.
g4 {[%clk 0:49:00]} Rh8 {[%clk 0:16:47]} 21. Bf3 {[%clk 0:45:00]} hxg4 {[%clk
0:11:58]} 22. Qxh8+ {[%clk 0:44:00]} Kxh8 {[%clk 0:12:27]} 23. Bxd5 {[%clk
0:45:00]} exd5 {[%clk 0:12:53]} 24. Nxf7+ {[%clk 0:44:00]} Kg7 {[%clk 0:12:46]}
25. Ng5 {[%clk 0:44:00]} d4 {[%clk 0:12:16]} 26. Bb2 {[%clk 0:44:00]} Nb6 {[%clk
0:11:27]} 27. hxg4 {[%clk 0:44:00]} Bxg4 {[%clk 0:11:32]} 28. Rae1 {[%clk
0:43:00]} Nbd5 {[%clk 0:11:14]} 29. Ne6+ {[%clk 0:39:00]} Bxe6 {[%clk 0:11:04]}
30. Rxe6 {[%clk 0:39:00]} Rg8 {[%clk 0:08:56]} 31. Re5 {[%clk 0:37:00]} b6 {[%clk
0:08:10]} 32. Rg5 {[%clk 0:35:00]} Kh6 {[%clk 0:07:50]} 33. Rf3 {[%clk 0:34:00]}
Nxf4 {[%clk 0:07:36]} 34. Re5 {[%clk 0:30:00]} Ng4 {[%clk 0:06:54]} 35. Re7
{[%clk 0:29:00]} g5 {[%clk 0:06:03]} 36. Bc1 {[%clk 0:28:00]} Rf8 {[%clk
0:05:33]} 37. d3 {[%clk 0:24:00]} Ne2+ {[%clk 0:05:43]} 38. Kg2 {[%clk 0:24:00]}
Rxf3 {[%clk 0:02:45]} 39. Kxf3 {[%clk 0:24:00]} Nxc1 {[%clk 0:02:55]} 40. Kxg4
{[%clk 0:25:00]} Nxa2 {[%clk 0:00:53]} 41. Re6+ {[%clk 0:25:00]} Kg7 {[%clk
0:01:22]} 42. Rxb6 {[%clk 0:25:00]} Nb4 {[%clk 0:01:21]} 43. Kxg5 {[%clk
0:25:00]} Nxd3 {[%clk 0:17:00]} 44. Rxa6 {[%clk 0:00:51]} Kf7 {[%clk 0:17:29]}
45. Kf5 {[%clk 0:01:13]} Ke7 {[%clk 0:15:02]} 46. Ke4 {[%clk 0:15:30]} Nb4 {[%clk
0:01:37]} 47. Rh6 {[%clk 0:15:30]} 1/2-1/2

[Event "Campeonato España Sub 14"]
[Site "Salobreña"]
[Date "2017.07.21"]
[Round "7"]
[White "Guillermo Gonzalez, Alvaro"]
[Black "Riu Lopez, Sergi"]
[Result "1/2-1/2"]
[Board "16"]
[WhiteClock "1:30"]
[WhiteElo "1700"]
[WhiteCountry "ESP"]
[WhiteFideId "24558885"]
[WhiteEloChange "7"]
[BlackClock "1:30"]
[BlackElo "1982"]
[BlackCountry "ESP"]
[BlackFideId "32087047"]
[BlackEloChange "-7"]

1. e4 {[%clk 1:30:00]} c5 {[%clk 1:30:00]} 2. Nf3 {[%clk 1:31:00]} Nc6 {[%clk
1:31:00]} 3. d4 {[%clk 1:31:00]} cxd4 {[%clk 1:31:00]} 4. Nxd4 {[%clk 1:32:00]}
g6 {[%clk 1:32:00]} 5. c4 {[%clk 1:32:00]} Bg7 {[%clk 1:32:00]} 6. Be3 {[%clk
1:32:00]} Nf6 {[%clk 1:32:00]} 7. Nc3 {[%clk 1:32:00]} O-O {[%clk 1:32:00]} 8.
Be2 {[%clk 1:33:00]} d6 {[%clk 1:32:00]} 9. O-O {[%clk 1:33:00]} Bd7 {[%clk
1:33:00]} 10. Qd2 {[%clk 1:33:00]} Nxd4 {[%clk 1:31:00]} 11. Bxd4 {[%clk
1:33:00]} Bc6 {[%clk 1:31:00]} 12. Bd3 {[%clk 1:31:00]} Rc8 {[%clk 1:30:00]} 13.
Rae1 {[%clk 1:29:00]} Nd7 {[%clk 1:30:00]} 14. Bxg7 {[%clk 1:28:00]} Kxg7 {[%clk
1:30:00]} 15. Re3 {[%clk 1:27:00]} Qa5 {[%clk 1:09:00]} 16. Rh3 {[%clk 1:17:00]}
h5 {[%clk 1:09:00]} 17. f4 {[%clk 1:17:00]} Nf6 {[%clk 1:02:00]} 18. f5 {[%clk
0:54:00]} Qe5 {[%clk 0:58:00]} 19. Qf4 {[%clk 0:50:00]} Ng4 {[%clk 0:44:00]} 20.
Rg3 {[%clk 0:40:00]} Qf6 {[%clk 0:26:00]} 21. h3 {[%clk 0:30:00]} Ne5 {[%clk
0:24:00]} 22. Be2 {[%clk 0:28:00]} Rh8 {[%clk 0:22:00]} 23. fxg6 {[%clk 0:22:00]}
fxg6 {[%clk 0:21:00]} 24. Qe3 {[%clk 0:17:16]} Qe6 {[%clk 0:18:09]} 25. Qd4
{[%clk 0:16:44]} Kh7 {[%clk 0:15:41]} 26. Nd5 {[%clk 0:15:37]} Rhf8 {[%clk
0:09:19]} 27. b3 {[%clk 0:11:42]} Rxf1+ {[%clk 0:05:42]} 28. Bxf1 {[%clk
0:12:10]} b6 {[%clk 0:05:31]} 29. Nb4 {[%clk 0:07:30]} Bb7 {[%clk 0:04:34]} 30.
Nd3 {[%clk 0:07:15]} Nd7 {[%clk 0:04:03]} 31. Nf4 {[%clk 0:06:44]} Qxe4 {[%clk
0:04:09]} 32. Qxe4 {[%clk 0:06:29]} Bxe4 {[%clk 0:04:09]} 33. Re3 {[%clk
0:06:42]} Nc5 {[%clk 0:03:57]} 34. b4 {[%clk 0:06:19]} e5 {[%clk 0:02:05]} 35.
bxc5 {[%clk 0:06:30]} Bf5 {[%clk 0:02:20]} 36. Nd5 {[%clk 0:05:35]} Rxc5 {[%clk
0:02:38]} 37. Ra3 {[%clk 0:05:26]} b5 {[%clk 0:01:55]} 38. Rxa7+ {[%clk 0:05:42]}
Kh6 {[%clk 0:02:20]} 39. Ne3 {[%clk 0:04:32]} bxc4 {[%clk 0:02:27]} 40. Nxc4
{[%clk 0:04:38]} Rc6 {[%clk 0:02:31]} 41. Ra5 {[%clk 0:03:01]} Be6 {[%clk
0:02:41]} 42. Ne3 {[%clk 0:03:05]} Kg5 {[%clk 0:02:39]} 43. Ra6 {[%clk 0:02:26]}
Rxa6 {[%clk 0:02:47]} 44. Bxa6 {[%clk 0:02:55]} Bxa2 {[%clk 0:03:09]} 45. Nc4
{[%clk 0:03:19]} Bxc4 {[%clk 0:02:37]} 46. Bxc4 {[%clk 0:03:48]} h4 {[%clk
0:02:15]} 47. Kf2 {[%clk 0:03:58]} Kf4 {[%clk 0:02:29]} 48. Ke2 {[%clk 0:02:24]}
e4 {[%clk 0:02:42]} 49. Bd5 {[%clk 0:01:50]} Ke5 {[%clk 0:02:59]} 50. Bc6 {[%clk
0:01:48]} d5 {[%clk 0:03:14]} 51. Ke3 {[%clk 0:00:57]} d4+ {[%clk 0:03:30]} 52.
Ke2 {[%clk 0:01:22]} Kf4 {[%clk 0:03:39]} 53. Bb7 {[%clk 0:00:34]} g5 {[%clk
0:03:30]} 54. Bc6 {[%clk 0:00:52]} Ke5 {[%clk 0:03:16]} 55. Bb7 {[%clk 0:01:16]}
Kf4 {[%clk 0:02:47]} 56. Bc6 {[%clk 0:01:25]} Ke5 {[%clk 0:02:47]} 1/2-1/2

[Event "Campeonato España Sub 14"]
[Site "Salobreña"]
[Date "2017.07.21"]
[Round "7"]
[White "Carbonell Sancho, Marc"]
[Black "Lagunas Gualda, Guillermo"]
[Result "1-0"]
[Board "17"]
[WhiteClock "1:30"]
[WhiteElo "1943"]
[WhiteCountry "ESP"]
[WhiteFideId "32029969"]
[WhiteEloChange "4"]
[BlackClock "1:30"]
[BlackElo "1685"]
[BlackCountry "ESP"]
[BlackFideId "24515949"]
[BlackEloChange "-4"]

1. e4 {[%clk 1:30:00]} d6 {[%clk 1:30:00]} 2. d4 {[%clk 1:31:00]} g6 {[%clk
1:30:00]} 3. Be3 {[%clk 1:31:00]} Bg7 {[%clk 1:31:00]} 4. Nc3 {[%clk 1:32:00]} a6
{[%clk 1:31:00]} 5. f3 {[%clk 1:32:00]} Nd7 {[%clk 1:30:00]} 6. Qd2 {[%clk
1:32:00]} b5 {[%clk 1:31:00]} 7. h4 {[%clk 1:33:00]} Ngf6 {[%clk 1:30:00]} 8. Nh3
{[%clk 1:32:00]} Bb7 {[%clk 1:28:00]} 9. Nf4 {[%clk 1:31:00]} Rc8 {[%clk
1:24:00]} 10. h5 {[%clk 1:30:00]} Rg8 {[%clk 1:23:00]} 11. hxg6 {[%clk 1:30:00]}
hxg6 {[%clk 1:24:00]} 12. g4 {[%clk 1:29:00]} e5 {[%clk 1:20:00]} 13. dxe5 {[%clk
1:24:00]} Nxe5 {[%clk 1:18:00]} 14. Be2 {[%clk 1:22:00]} Nfd7 {[%clk 1:09:00]}
15. O-O-O {[%clk 1:20:00]} Bf8 {[%clk 0:56:00]} 16. Rh3 {[%clk 1:16:00]} Rb8
{[%clk 0:48:00]} 17. Rdh1 {[%clk 1:13:00]} Bg7 {[%clk 0:45:00]} 18. Ng2 {[%clk
1:10:00]} b4 {[%clk 0:39:00]} 19. Nd1 {[%clk 1:01:00]} Qe7 {[%clk 0:32:00]} 20.
Bh6 {[%clk 0:55:00]} Bf6 {[%clk 0:25:00]} 21. Be3 {[%clk 0:48:00]} c5 {[%clk
0:23:00]} 22. g5 {[%clk 0:42:00]} Bg7 {[%clk 0:23:00]} 23. Nf4 {[%clk 0:41:00]}
Nb6 {[%clk 0:21:00]} 24. Rh7 {[%clk 0:38:00]} Bf8 {[%clk 0:19:43]} 25. b3 {[%clk
0:35:00]} Rd8 {[%clk 0:16:13]} 26. Nd5 {[%clk 0:35:00]} Nxd5 {[%clk 0:14:03]} 27.
exd5 {[%clk 0:35:00]} Bg7 {[%clk 0:13:32]} 28. f4 {[%clk 0:34:00]} Nd7 {[%clk
0:13:36]} 29. Bg4 {[%clk 0:33:00]} Kf8 {[%clk 0:10:28]} 30. Qd3 {[%clk 0:28:00]}
Nb6 {[%clk 0:09:16]} 31. Bf3 {[%clk 0:28:00]} Qc7 {[%clk 0:08:05]} 32. Nb2 {[%clk
0:22:00]} Re8 {[%clk 0:07:05]} 33. Bf2 {[%clk 0:23:00]} a5 {[%clk 0:05:21]} 34.
Bg3 {[%clk 0:20:00]} Qd7 {[%clk 0:05:18]} 35. Be4 {[%clk 0:18:31]} Rxe4 {[%clk
0:04:56]} 36. Qxe4 {[%clk 0:19:00]} Bxd5 {[%clk 0:05:19]} 37. Qd3 {[%clk
0:18:54]} Bxh1 {[%clk 0:05:43]} 38. Rxh1 {[%clk 0:19:22]} Rh8 {[%clk 0:05:45]}
39. Rf1 {[%clk 0:19:07]} Rh3 {[%clk 0:05:35]} 40. Qf3 {[%clk 0:14:31]} Bd4 {[%clk
0:04:03]} 41. Qg2 {[%clk 0:13:36]} Nc8 {[%clk 0:04:08]} 42. f5 {[%clk 0:13:28]}
Rxg3 {[%clk 0:04:03]} 43. Qxg3 {[%clk 0:13:51]} Bxb2+ {[%clk 0:04:21]} 44. Kxb2
{[%clk 0:14:18]} gxf5 {[%clk 0:04:49]} 45. Qh4 {[%clk 0:13:56]} Ne7 {[%clk
0:03:54]} 46. Qh6+ {[%clk 0:13:34]} Ke8 {[%clk 0:03:55]} 47. Qh8+ {[%clk
0:13:34]} 1-0

[Event "Campeonato España Sub 14"]
[Site "Salobreña"]
[Date "2017.07.21"]
[Round "7"]
[White "Del Moral Collado, Enrique"]
[Black "Alvarez Albiol, Victor"]
[Result "0-1"]
[Board "18"]
[WhiteClock "1:30"]
[WhiteElo "1683"]
[WhiteCountry "ESP"]
[WhiteFideId "24513261"]
[WhiteEloChange "-4"]
[BlackClock "1:30"]
[BlackElo "1921"]
[BlackCountry "ESP"]
[BlackFideId "32065930"]
[BlackEloChange "4"]

1. e4 {[%clk 1:30:00]} c5 {[%clk 1:30:00]} 2. Nf3 {[%clk 1:31:00]} e6 {[%clk
1:31:00]} 3. d4 {[%clk 1:30:00]} cxd4 {[%clk 1:31:00]} 4. Nxd4 {[%clk 1:30:00]}
Nc6 {[%clk 1:31:00]} 5. Nc3 {[%clk 1:25:00]} Qc7 {[%clk 1:31:00]} 6. Be2 {[%clk
1:25:00]} Nf6 {[%clk 1:29:00]} 7. O-O {[%clk 1:23:00]} a6 {[%clk 1:28:00]} 8. Be3
{[%clk 1:22:00]} Bb4 {[%clk 1:27:00]} 9. f3 {[%clk 1:17:00]} Ne5 {[%clk 1:23:00]}
10. f4 {[%clk 1:10:00]} Nc4 {[%clk 1:20:00]} 11. Bxc4 {[%clk 1:10:00]} Qxc4
{[%clk 1:20:00]} 12. Qd3 {[%clk 1:07:00]} Qc7 {[%clk 1:20:00]} 13. Kh1 {[%clk
1:07:00]} Bxc3 {[%clk 1:20:00]} 14. bxc3 {[%clk 1:07:00]} b5 {[%clk 1:20:00]} 15.
Rae1 {[%clk 1:07:00]} Bb7 {[%clk 1:20:00]} 16. Bd2 {[%clk 1:07:00]} Rc8 {[%clk
1:20:00]} 17. Rf3 {[%clk 1:07:00]} O-O {[%clk 1:20:00]} 18. Rh3 {[%clk 1:07:00]}
d5 {[%clk 1:20:00]} 19. e5 {[%clk 1:07:00]} Ne4 {[%clk 1:20:00]} 20. Rf3 {[%clk
1:07:00]} Qc4 {[%clk 1:20:00]} 21. Qe3 {[%clk 1:07:00]} Qxa2 {[%clk 1:20:00]} 22.
f5 {[%clk 1:07:00]} exf5 {[%clk 1:20:00]} 23. Rxf5 {[%clk 1:07:00]} Qc4 {[%clk
1:20:00]} 24. Rf3 {[%clk 1:07:00]} Rce8 {[%clk 1:20:00]} 25. Qf4 {[%clk 1:07:00]}
Qc7 {[%clk 1:20:00]} 26. Nf5 {[%clk 1:07:00]} Qxe5 {[%clk 1:20:00]} 27. Qxe5
{[%clk 1:07:00]} Rxe5 {[%clk 1:20:00]} 28. Nd6 {[%clk 1:07:00]} Re7 {[%clk
1:20:00]} 29. Nxb7 {[%clk 1:07:00]} Rxb7 {[%clk 1:20:00]} 30. Bf4 {[%clk
1:07:00]} Rc8 {[%clk 1:20:00]} 31. Be5 {[%clk 1:07:00]} Re7 {[%clk 1:20:00]} 32.
Bd4 {[%clk 1:07:00]} Ng3+ {[%clk 1:20:00]} 33. hxg3 {[%clk 1:07:00]} Rxe1+ {[%clk
1:20:00]} 34. Kh2 {[%clk 1:07:00]} f6 {[%clk 1:20:00]} 35. Rf5 {[%clk 1:07:00]}
Rd8 {[%clk 1:20:00]} 36. g4 {[%clk 1:07:00]} h6 {[%clk 1:20:00]} 37. Kg3 {[%clk
1:07:00]} Re2 {[%clk 1:20:00]} 38. Kf3 {[%clk 1:07:00]} Rxc2 {[%clk 1:20:00]} 39.
g3 {[%clk 1:07:00]} Rd7 {[%clk 1:20:00]} 40. Ke3 {[%clk 1:07:00]} a5 {[%clk
1:20:00]} 41. Kd3 {[%clk 1:07:00]} Rg2 {[%clk 1:20:00]} 0-1

[Event "Campeonato España Sub 14"]
[Site "Salobreña"]
[Date "2017.07.21"]
[Round "7"]
[White "Fernandez Garcia, Gumersindo"]
[Black "Ramirez Aguado, Alvaro"]
[Result "1-0"]
[Board "19"]
[WhiteClock "1:30"]
[WhiteElo "1861"]
[WhiteCountry "ESP"]
[WhiteFideId "24516740"]
[WhiteEloChange "2"]
[BlackClock "1:30"]
[BlackElo "1348"]
[BlackCountry "ESP"]
[BlackFideId "24515272"]
[BlackEloChange "-2"]

1. d4 {[%clk 1:30:00]} Nf6 {[%clk 1:30:00]} 2. c4 {[%clk 1:31:00]} e6 {[%clk
1:30:00]} 3. Nc3 {[%clk 1:31:00]} Bb4 {[%clk 1:31:00]} 4. Qc2 {[%clk 1:31:00]} b6
{[%clk 1:31:00]} 5. a3 {[%clk 1:31:00]} Bxc3+ {[%clk 1:31:00]} 6. Qxc3 {[%clk
1:32:00]} Bb7 {[%clk 1:31:00]} 7. Bg5 {[%clk 1:30:00]} h6 {[%clk 1:31:00]} 8. Bh4
{[%clk 1:30:00]} g5 {[%clk 1:31:00]} 9. Bg3 {[%clk 1:30:00]} Ne4 {[%clk 1:31:00]}
10. Qc2 {[%clk 1:30:00]} d6 {[%clk 1:29:00]} 11. e3 {[%clk 1:27:00]} Nd7 {[%clk
1:29:00]} 12. f3 {[%clk 1:25:00]} Nxg3 {[%clk 1:28:00]} 13. hxg3 {[%clk 1:26:00]}
Qe7 {[%clk 1:23:00]} 14. g4 {[%clk 1:20:00]} O-O-O {[%clk 1:19:00]} 15. O-O-O
{[%clk 1:12:00]} d5 {[%clk 1:14:00]} 16. Kb1 {[%clk 1:06:00]} Kb8 {[%clk
1:08:00]} 17. Rc1 {[%clk 0:57:00]} Nf6 {[%clk 1:07:00]} 18. c5 {[%clk 0:54:00]}
h5 {[%clk 0:58:00]} 19. c6 {[%clk 0:51:00]} Ba8 {[%clk 0:56:00]} 20. gxh5 {[%clk
0:49:00]} Rxh5 {[%clk 0:55:00]} 21. Rxh5 {[%clk 0:47:00]} Nxh5 {[%clk 0:55:00]}
22. Bb5 {[%clk 0:42:00]} Ng3 {[%clk 0:51:00]} 23. Qc3 {[%clk 0:34:00]} Rd6 {[%clk
0:36:00]} 24. Qe1 {[%clk 0:30:00]} Nf5 {[%clk 0:35:00]} 25. g4 {[%clk 0:30:00]}
Nh4 {[%clk 0:35:00]} 26. Qb4 {[%clk 0:25:00]} Ng2 {[%clk 0:29:00]} 27. e4 {[%clk
0:21:00]} dxe4 {[%clk 0:27:00]} 28. fxe4 {[%clk 0:21:00]} Qd8 {[%clk 0:27:00]}
29. Nf3 {[%clk 0:20:00]} a6 {[%clk 0:15:40]} 30. Ba4 {[%clk 0:19:53]} b5 {[%clk
0:15:51]} 31. Bxb5 {[%clk 0:17:26]} axb5 {[%clk 0:16:15]} 32. Qxb5+ {[%clk
0:17:57]} Kc8 {[%clk 0:14:33]} 33. Qa6+ {[%clk 0:17:55]} Kb8 {[%clk 0:14:54]} 34.
Ne5 {[%clk 0:15:22]} Qc8 {[%clk 0:13:01]} 35. Qb5+ {[%clk 0:13:36]} Bb7 {[%clk
0:09:35]} 36. Rc4 {[%clk 0:10:53]} Ne3 {[%clk 0:00:53]} 37. Nd7+ {[%clk 0:09:23]}
Rxd7 {[%clk 0:01:01]} 38. cxd7 {[%clk 0:09:42]} Qxd7 {[%clk 0:00:39]} 39. Qxd7
{[%clk 0:09:47]} Bxe4+ {[%clk 0:01:03]} 40. Kc1 {[%clk 0:09:32]} Nxc4 {[%clk
0:01:14]} 41. Qd8+ {[%clk 0:09:26]} Kb7 {[%clk 0:01:32]} 42. Qxg5 {[%clk
0:09:26]} 1-0